Wordt geladen...
Why we love the way we do /
| Hoofdauteur: | |
|---|---|
| Taal: | Undetermined |
| Gepubliceerd in: |
Chennai :
Westland Ltd ,
2015.
|
| LEADER | 00538nam a2200157Ia 4500 | ||
|---|---|---|---|
| 001 | 192044 | ||
| 008 | 170722s9999 xx 000 0 und d | ||
| 020 | |a 9789385724183 | ||
| 100 | |a Preeti Shenoy | ||
| 245 | |a Why we love the way we do / | ||
| 260 | |a Chennai : |b Westland Ltd , |c 2015. | ||
| 300 | |a 262 p. | ||
| 923 | |d 20160121 |n 1516/GR-12 | ||
| 942 | |c GEN | ||
| 999 | |c 155640 |d 155640 | ||
| 952 | |0 0 |1 0 |4 0 |6 O_26N712X_Q5 |7 0 |9 218509 |a LIB |b LIB |d 2016-02-04 |e TBS Publishers&Distributors |l 11 |o O-2,6N712x Q5 |p 301345 |r 2020-03-05 |s 2020-02-18 |v 250.00 |w 2017-08-12 |y GEN | ||